中国每个经度人口最多的5个城市(城市点位地图版) - Statistics

General Stats
  • This quiz has been taken 33 times
  • The average score is 163 of 215
Answers on the Map
Answers color-coded by a green-red scale on the quiz's map according to % correct below.
 
Answer Stats
经度 省级行政区 人口 城市 % Correct
80°E 新疆维吾尔自治区 501028 和田市
90%
91°E 西藏自治区 648044 拉萨市
90%
100°E 云南省 771128 大理市
90%
103°E 云南省 5950578 昆明市
90%
104°E 四川省 15419445 成都市
90%
104°E 甘肃省 3186658 兰州市
90%
107°E 直辖市 25379469 重庆市
90%
108°E 广西壮族自治区 5977185 南宁市
90%
109°E 陕西省 11133823 西安市
90%
109°E 陕西省 1568579 咸阳市
90%
111°E 湖北省 1547599 宜昌市
90%
112°E 河南省 3443805 洛阳市
90%
113°E 广东省 18676605 广州市
90%
113°E 湖南省 5980707 长沙市
90%
113°E 山西省 4529141 太原市
90%
114°E 广东省 17338162 深圳市
90%
114°E 湖北省 12447718 武汉市
90%
114°E 广东省 10466625 东莞市
90%
114°E 河南省 6650120 郑州市
90%
115°E 江西省 2588060 赣州市
90%
116°E 直辖市 21893095 北京市
90%
116°E 江西省 3929660 南昌市
90%
117°E 直辖市 13866009 天津市
90%
117°E 山东省 8352574 济南市
90%
117°E 广东省 5437602 汕头市
90%
117°E 江苏省 3589215 徐州市
90%
118°E 福建省 5163970 厦门市
90%
118°E 河北省 3687607 唐山市
90%
118°E 山东省 3648324 临沂市
90%
119°E 江苏省 9314685 南京市
90%
119°E 福建省 4094491 福州市
90%
119°E 江苏省 2829864 淮安市
90%
119°E 江苏省 2635435 扬州市
90%
120°E 浙江省 10711238 杭州市
90%
120°E 山东省 7172451 青岛市
90%
120°E 江苏省 4493029 常州市
90%
120°E 江苏省 4396835 无锡市
90%
120°E 台湾省 2734275 高雄市
90%
121°E 直辖市 24870895 上海市
90%
121°E 江苏省 6715559 苏州市
90%
121°E 台湾省 4365947 新北市
90%
121°E 江苏省 3766534 南通市
90%
122°E 辽宁省 5736383 大连市
90%
122°E 浙江省 5057140 宁波市
90%
122°E 台湾省 2594581 台北市
90%
123°E 辽宁省 7885142 沈阳市
90%
76°E 新疆维吾尔自治区 782662 喀什市
86%
89°E 新疆维吾尔自治区 317443 吐鲁番市
86%
92°E 西藏自治区 104490 那曲市
86%
94°E 西藏自治区 84254 林芝市
86%
95°E 甘肃省 185231 敦煌市
86%
98°E 甘肃省 312663 嘉峪关市
86%
99°E 甘肃省 455611 酒泉市
86%
100°E 甘肃省 519096 张掖市
86%
100°E 云南省 288787 丽江市
86%
102°E 青海省 1954795 西宁市
86%
103°E 甘肃省 885277 武威市
86%
105°E 四川省 2232865 绵阳市
86%
105°E 四川省 2158312 宜宾市
86%
105°E 四川省 1596119 泸州市
86%
106°E 四川省 1936534 南充市
86%
106°E 宁夏回族自治区 1901793 银川市
86%
106°E 甘肃省 1212791 天水市
86%
107°E 贵州省 4506134 贵阳市
86%
107°E 贵州省 2360549 遵义市
86%
107°E 陕西省 1862118 宝鸡市
86%
107°E 四川省 1850869 达州市
86%
108°E 广西壮族自治区 635241 防城港市
86%
109°E 广西壮族自治区 2519051 柳州市
86%
109°E 广西壮族自治区 989034 北海市
86%
110°E 海南省 2873358 海口市
86%
110°E 内蒙古自治区 2283770 包头市
86%
110°E 广东省 1931455 湛江市
86%
110°E 广西壮族自治区 1725865 桂林市
86%
110°E 广西壮族自治区 1700978 贵港市
86%
111°E 广东省 2539148 茂名市
86%
111°E 湖北省 1428629 十堰市
86%
112°E 内蒙古自治区 2545608 呼和浩特市
86%
112°E 湖北省 2319640 襄阳市
86%
112°E 广东省 1553109 肇庆市
86%
112°E 湖南省 1469055 常德市
86%
113°E 广东省 9498863 佛山市
86%
113°E 广东省 4418060 中山市
86%
114°E 广东省 3494715 惠州市
86%
115°E 河北省 5758403 石家庄市
86%
115°E 河北省 3724728 邯郸市
86%
115°E 河北省 3154062 保定市
86%
115°E 山东省 2230000 菏泽市
86%
116°E 安徽省 2128538 阜阳市
86%
116°E 山东省 2006546 聊城市
86%
117°E 安徽省 5118199 合肥市
86%
118°E 山东省 3386471 淄博市
86%
118°E 安徽省 2210722 芜湖市
86%
119°E 山东省 2511721 潍坊市
86%
121°E 山东省 3191299 烟台市
86%
122°E 山东省 1728259 威海市
86%
123°E 辽宁省 1543696 鞍山市
86%
124°E 辽宁省 815858 丹东市
86%
86°E 新疆维吾尔自治区 498587 石河子市
81%
89°E 西藏自治区 158290 日喀则市
81%
97°E 西藏自治区 148511 昌都市
81%
97°E 青海省 141308 玉树市
81%
100°E 云南省 186412 香格里拉市
81%
102°E 四川省 806395 攀枝花市
81%
103°E 四川省 623541 雅安市
81%
104°E 云南省 1594721 曲靖市
81%
104°E 四川省 1232648 眉山市
81%
105°E 贵州省 1420656 六盘水市
81%
106°E 贵州省 1217501 安顺市
81%
109°E 广西壮族自治区 1400134 钦州市
81%
122°E 辽宁省 1166481 盘锦市
81%
123°E 辽宁省 877832 辽阳市
81%
127°E 吉林省 1895865 吉林市
81%
86°E 新疆维吾尔自治区 779352 库尔勒市
76%
88°E 新疆维吾尔自治区 221454 阿勒泰市
76%
92°E 西藏自治区 81608 山南市
76%
94°E 新疆维吾尔自治区 569388 哈密市
76%
95°E 青海省 221863 格尔木市
76%
97°E 青海省 88227 德令哈市
76%
99°E 云南省 903081 保山市
76%
99°E 云南省 439931 芒市
76%
100°E 云南省 370947 临沧市
76%
101°E 云南省 416188 普洱市
76%
102°E 云南省 631530 楚雄市
76%
104°E 四川省 1236188 乐山市
76%
105°E 贵州省 1305066 毕节市
76%
108°E 广西壮族自治区 921880 河池市
76%
124°E 辽宁省 1322098 抚顺市
76%
124°E 辽宁省 865215 本溪市
76%
124°E 吉林省 627957 四平市
76%
125°E 吉林省 5539649 长春市
76%
125°E 吉林省 713430 松原市
76%
128°E 黑龙江省 223832 黑河市
76%
130°E 黑龙江省 930015 牡丹江市
76%
130°E 黑龙江省 862555 佳木斯市
76%
130°E 吉林省 686136 延吉市
76%
80°E 新疆维吾尔自治区 715319 阿克苏市
71%
81°E 新疆维吾尔自治区 778047 伊宁市
71%
81°E 新疆维吾尔自治区 69524 可克达拉市
71%
85°E 新疆维吾尔自治区 490348 克拉玛依市
71%
88°E 新疆维吾尔自治区 3980779 乌鲁木齐市
71%
91°E 青海省 18856 茫崖市
71%
94°E 新疆维吾尔自治区 151100 新星市
71%
97°E 甘肃省 137736 玉门市
71%
98°E 云南省 267638 瑞丽市
71%
101°E 云南省 642737 景洪市
71%
102°E 四川省 955041 西昌市
71%
103°E 云南省 842033 玉溪市
71%
106°E 四川省 1264173 遂宁市
71%
108°E 贵州省 709057 凯里市
71%
124°E 黑龙江省 1406987 齐齐哈尔市
71%
125°E 黑龙江省 1754655 大庆市
71%
125°E 吉林省 463416 辽源市
71%
127°E 黑龙江省 6976136 哈尔滨市
71%
127°E 黑龙江省 698025 绥化市
71%
130°E 黑龙江省 545404 鹤岗市
71%
131°E 黑龙江省 683232 鸡西市
71%
131°E 黑龙江省 490028 七台河市
71%
131°E 黑龙江省 401882 双鸭山市
71%
79°E 新疆维吾尔自治区 63487 昆玉市
67%
86°E 新疆维吾尔自治区 104746 铁门关市
67%
87°E 新疆维吾尔自治区 607441 昌吉市
67%
92°E 西藏自治区 13932 错那市
67%
98°E 云南省 642481 腾冲市
67%
108°E 贵州省 529688 都匀市
67%
111°E 广东省 1328657 高州市
67%
116°E 广东省 1998619 普宁市
67%
125°E 吉林省 862313 公主岭市
67%
126°E 吉林省 446917 通化市
67%
130°E 吉林省 239359 珲春市
67%
134°E 黑龙江省 97329 抚远市
67%
79°E 新疆维吾尔自治区 263245 图木舒克市
62%
80°E 新疆维吾尔自治区 71466 霍尔果斯市
62%
83°E 新疆维吾尔自治区 530328 库车市
62%
99°E 云南省 203977 泸水市
62%
127°E 黑龙江省 724705 五常市
62%
129°E 黑龙江省 360347 伊春市
62%
81°E 新疆维吾尔自治区 328241 阿拉尔市
57%
83°E 新疆维吾尔自治区 85500 白杨市
57%
85°E 新疆维吾尔自治区 29891 胡杨河市
57%
88°E 新疆维吾尔自治区 141065 五家渠市
57%
88°E 新疆维吾尔自治区 20414 北屯市
57%
94°E 西藏自治区 26176 米林市
57%
111°E 广东省 1291668 化州市
57%
123°E 辽宁省 742496 庄河市
57%
126°E 吉林省 635476 德惠市
57%
126°E 吉林省 509336 梅河口市
57%
129°E 吉林省 129286 龙井市
57%
76°E 新疆维吾尔自治区 290936 阿图什市
52%
82°E 新疆维吾尔自治区 246706 博乐市
52%
82°E 新疆维吾尔自治区 54731 双河市
52%
83°E 新疆维吾尔自治区 158098 塔城市
52%
83°E 新疆维吾尔自治区 11097 阿拉山口市
52%
103°E 四川省 602973 邛崃市
52%
123°E 辽宁省 1067905 海城市
52%
126°E 黑龙江省 666532 肇东市
52%
127°E 吉林省 836098 榆树市
52%
128°E 吉林省 392486 敦化市
52%
129°E 吉林省 117087 和龙市
52%
132°E 黑龙江省 414090 富锦市
52%
133°E 黑龙江省 267870 虎林市
52%
85°E 新疆维吾尔自治区 262906 乌苏市
48%
85°E 新疆维吾尔自治区 229122 奎屯市
48%
126°E 吉林省 475017 扶余市
48%
128°E 黑龙江省 463358 尚志市
48%
132°E 黑龙江省 339103 密山市
48%
133°E 黑龙江省 176112 同江市
43%
86°E 新疆维吾尔自治区 301046 沙湾市
38%
88°E 新疆维吾尔自治区 181144 阜康市
38%
129°E 黑龙江省 292755 海林市
38%
102°E 云南省 483753 安宁市
33%
128°E 黑龙江省 225960 铁力市
33%
131°E 黑龙江省 197065 穆棱市
33%
131°E 黑龙江省 195489 东宁市
33%
129°E 黑龙江省 322127 宁安市
29%
No matching quizzes found
Score Distribution
Percent of People with Each Score
Percentile by Number Answered
Your Score History
You have not taken this quiz